| 000 | 00810nac a22001931u 4500 | ||
|---|---|---|---|
| 010 | _a2005924934 | ||
| 020 | _a1592009123 | ||
| 082 |
_a005.117 _bP7423 |
||
| 090 |
_c735 _d735 |
||
| 100 | _aPodeswa, Howard. | ||
| 245 | 1 | 0 |
_aUML for the IT business analyst : _ba practical guide to object-oriented requirements gathering / _cHoward Podeswa. |
| 260 |
_aBoston, MA : _bThomson Course Technology PTR,2005 _c2005. |
||
| 300 |
_axxii, 378 p. : _bill. ; _c24 cm. |
||
| 650 | 0 | _aObject-oriented methods (Computer science) | |
| 650 | 0 | _aUML (Computer science) | |
| 650 | 0 |
_aBusiness _xComputer network resources _vCase studies. |
|
| 942 |
_cBB _k005.117P7423 |
||
| 999 |
_c735 _d735 |
||